| 000 | 00729nam a22001937a 4500 | ||
|---|---|---|---|
| 999 |
_c176118 _d176118 |
||
| 005 | 20201111115113.0 | ||
| 010 | _aUR-10924 | ||
| 020 |
_c99.00 _a9789389733365 |
||
| 035 | _aU-9479 | ||
| 037 | _bDBAD/PUB | ||
| 082 | _a844.08 | ||
| 100 | _aسيد عتيق ا جمل و ز ير | ||
| 245 |
_aحا صل تحر ير(تحقيقی و تنقيد ی مضا مين ) _cسيد عتيق ا جمل و ز ير |
||
| 246 |
_bHasil-e-Tehreer (Urdu) _abySyed Ateeq Ajmal Vazeer |
||
| 260 |
_aN.Delhi _bEducational Publishing House _c2019 ء |
||
| 270 |
_aH.O.D1/16,Ansari Road,Darya ganj, _bN.Delhi _e110002 _k45678285,23216162 _l0091-11-23211540 |
||
| 300 |
_a152 ص _c22 Cm(Hb) |
||
| 942 |
_2ddc _cUR _h844.08 _mا ج م |
||